00230nam a2200097Ia 4500008004100000100001700041245002800058260003000086300000800116650000800124191201s2010 xx 000 0 und d aAGARWAL, D K 0aSupply Chain Management aN. DelhibMacmillanc2010 a430 aMBA